Everytime - Britney Spears (All Lyrics) - Statistics

General Stats
  • This quiz has been taken 91 times
  • The average score is 176 of 205
Answer Stats
Answer % Correct
I
100%
every
96%
time
96%
in
95%
me
95%
me?
95%
my
95%
My
95%
to
95%
you
95%
You
95%
And
93%
baby
93%
need
93%
when
93%
dreams
91%
fall
91%
feel
91%
it
91%
see
91%
so
91%
your
91%
face
89%
It's
89%
try
89%
wings
88%
without
88%
fly
86%
guess
86%
we
86%
haunting
84%
small
84%
are
80%
hand
79%
love
79%
on
79%
Why
79%
Take
77%
is
75%
strong?
75%
the
75%
Notice
73%
Strangers
73%
You're
73%
have
70%
Our
68%
this
68%
carry
64%
move
64%
that
64%
That
64%
here
63%
seem
61%
sorry
61%
What
61%
clear
59%
easy
59%
made
59%
only
59%
way
59%
done?
57%
may
57%
weakness
55%
caused
54%
pain
54%
At
52%
song's
52%
away
48%
forgive
48%
night
48%
Please
48%
rain
46%
will
46%
pray
41%
soon
39%
fade
38%
make-believe
16%
No matching quizzes found
Score Distribution
Percent of People with Each Score
Percentile by Number Answered
Your Score History
You have not taken this quiz